বাঙালির দর্শন : (Record no. 40488)
[ view plain ]
| 000 -LEADER | |
|---|---|
| fixed length control field | 01050nam a2200265 a 4500 |
| 001 - CONTROL NUMBER | |
| control field | 40488 |
| 003 - CONTROL NUMBER IDENTIFIER | |
| rucl marc code | BD-RjUL |
| 005 - DATE AND TIME OF LATEST TRANSACTION | |
| control field | 20211209053227.0 |
| 008 - FIXED-LENGTH DATA ELEMENTS--GENERAL INFORMATION | |
| fixed length control field | 160503s2012 bg ||||| |||| 001 0 eng d |
| 020 ## - INTERNATIONAL STANDARD BOOK NUMBER | |
| International Standard Book Number | 9789845120050 (v.1) |
| Terms of availability | : TK 700.00 |
| International Standard Book Number | 9789845120050 (v.2) |
| Terms of availability | : TK 700.00 |
| International Standard Book Number | 9789845120050 (v.3) |
| Terms of availability | : TK 700.00 |
| 035 ## - SYSTEM CONTROL NUMBER | |
| System control number | (BD-RjUL)40603 |
| 040 ## - CATALOGING SOURCE | |
| Original cataloging agency | BD-RjUL |
| Language of cataloging | ben |
| Transcribing agency | BD-RjUL |
| 041 ## - LANGUAGE CODE | |
| Language code of text/sound track or separate title | ben |
| 082 ## - DEWEY DECIMAL CLASSIFICATION NUMBER | |
| Edition number | 23 |
| Classification number | 294.5 |
| Author mark and year | RAB 2012 |
| 100 ## - MAIN ENTRY--PERSONAL NAME | |
| Personal name | রহমান, এম.মতিউর |
| 9 (RLIN) | 120822 |
| 245 10 - TITLE STATEMENT | |
| Title | বাঙালির দর্শন : |
| Remainder of title | ব্রাহ্ম ভাবধারা / |
| Statement of responsibility, etc. | এম. মতিউর রহমান |
| 260 ## - PUBLICATION, DISTRIBUTION, ETC. (IMPRINT) | |
| Place of publication, distribution, etc. | ঢাকা : |
| Name of publisher, distributor, etc. | বাংলাদেশ এশিয়াটিক সোসাইটি, |
| Date of publication, distribution, etc. | ২০১২ |
| 300 ## - PHYSICAL DESCRIPTION | |
| Pagination | খণ্ড ; |
| Size | ২৬ সেমি. |
| 505 0# - FORMATTED CONTENTS NOTE | |
| Formatted contents note | খণ্ড ১-- খণ্ড ২ --খণ্ড ৩ -- |
| 650 ## - SUBJECT ADDED ENTRY--TOPICAL TERM | |
| Topical term or geographic name as entry element | হিন্দুত্ত্ববাদ |
| 9 (RLIN) | 121504 |
| Topical term or geographic name as entry element | Hinduism |
| 9 (RLIN) | 124703 |
| 942 ## - ADDED ENTRY ELEMENTS (KOHA) | |
| Source of classification or shelving scheme | Dewey Decimal Classification |
| Koha item type | Books |
| Lost status | Source of classification or shelving scheme | Damaged status | Not for loan | Collection code | Permanent Location | Current Location | Shelving location | Date acquired | Source of acquisition | Cost, normal purchase price | Total Checkouts | Full call number | Date last seen | Copy number | Koha item type | Date checked out |
|---|---|---|---|---|---|---|---|---|---|---|---|---|---|---|---|---|
| Dewey Decimal Classification | Non-fiction | Central Library, University of Rajshahi | Central Library, University of Rajshahi | 15/07/2013 | Asiatic Society of Bangladesh | 500.00 | B 294.5 RAB V-3 2012 | 03/05/2016 | C-2 | Books | ||||||
| Dewey Decimal Classification | Non-fiction | Central Library, University of Rajshahi | Central Library, University of Rajshahi | 15/07/2013 | Asiatic Society of Bangladesh | 500.00 | B 294.5 RAB V-3 2012 | 03/05/2016 | C-3 | Books | ||||||
| Dewey Decimal Classification | Non-fiction | Central Library, University of Rajshahi | Central Library, University of Rajshahi | 15/07/2013 | Asiatic Society of Bangladesh | 500.00 | 1 | B 294.5 RAB V-2 2012 | 30/10/2016 | C-2 | Books | 16/10/2016 | ||||
| Dewey Decimal Classification | Non-fiction | Central Library, University of Rajshahi | Central Library, University of Rajshahi | 15/07/2013 | Asiatic Society of Bangladesh | 500.00 | B 294.5 RAB V-2 2012 | 03/05/2016 | C-3 | Books | ||||||
| Dewey Decimal Classification | Non-fiction | Central Library, University of Rajshahi | Central Library, University of Rajshahi | 15/07/2013 | Asiatic Society of Bangladesh | 500.00 | B 294.5 RAB V-1 2012 | 03/05/2016 | C-2 | Books | ||||||
| Dewey Decimal Classification | Not For Loan | Non-fiction | Central Library, University of Rajshahi | Central Library, University of Rajshahi | Reading Room | 15/07/2013 | Asiatic book agency | 500.00 | B 294.5 RAB V-3 2012 | 05/12/2016 | C-1 | Books | ||||
| Dewey Decimal Classification | Not For Loan | Non-fiction | Central Library, University of Rajshahi | Central Library, University of Rajshahi | Reading Room | 15/07/2013 | Asiatic Society, Dhaka. | 500.00 | B 294.5 RAB V-2 2012 | 05/12/2016 | C-1 | Books | ||||
| Dewey Decimal Classification | Not For Loan | Non-fiction | Central Library, University of Rajshahi | Central Library, University of Rajshahi | Reading Room | 15/07/2013 | Asiatic Society, Dhaka. | 500.00 | B 294.5 RAB V-1 2012 | 05/12/2016 | C-1 | Books |